00872cam a2200265 a 450000100060000000300100000600500170001600700030003300800410003602000250007702000290010204000260013108200170015710000440017424500910021825000120030930000320032133600270035333700330038033800280041349000230044150000590046465000400052370000430056358181CO-BoRNBP20250820143037.0ta021031s2002 ck a gr 00 jdspa  a9583009326 (Volumen) a9583007811 (Colección) aCO-BoBNbspacCO-BoBN04aCo863.442231 aMacías Zuluaga, Luis Fernando,d1957-13aLa rana sin dientes /cLuis Fernando Macías ; ilustraciones Jairo Libares Landínez a1a. ed. a202 p. :bil. col. ;c21 cm 2rdacontentatextobtxt 2rdamediaasin mediaciónbn 2rdacarrieravolumenbnc0 aColección corcel aIncluye datos biográficos de la autora en la solapa.14aCuentos colombianosySiglo XX2LEMB1 aLinares Landínez, Jairo,eilustrador